| 000 | 00000nas 2200000za 4500 |
| 001 | 9.819515 |
| 003 | CaOODSP |
| 005 | 20221107142959 |
| 007 | cr ||||||||||| |
| 008 | 160615d19791979oncar p oss f000#a0eng|d |
| 022 | |y0706-1501 |
| 040 | |aCaOODSP|beng |
| 041 | |aeng|afre |
| 043 | |an-cn--- |
| 086 | 1 |aCS61-215-PDF |
| 245 | 00|aDomestic and foreign control of forestry, mining, and manufacturing capital expenditures in Canada |h[electronic resource] / |cStatistics Canada, Construction Division [and] Financial Flows and Multinational Enterprises Division = Le contrôle national et étranger des dépenses d'immobilisations forestières, minières, et manufacturières au Canada / Statistique Canada, Division de la construction [et] Division des flux financiers et entreprises multinationales. |
| 246 | 11|aContrôle national et étranger des dépenses d'immobilisations forestières, minières et manufacturières au Canada |
| 260 | |aOttawa : |bStatistics Canada = Statistique Canada, |c1979. |
| 310 | |aAnnual |
| 362 | 0 |a1977/1979. |
| 500 | |aDigitized edition from print [produced by Statistics Canada]. |
| 546 | |aText in English and French. |
| 692 | 07|2gccst|aForeign investments |
| 692 | 07|2gccst|aInvestments |
| 710 | 1 |aCanada.|bStatistics Canada.|bConstruction Division. |
| 785 | 00|tCapital expenditures of domestic and foreign controlled establishments in manufacturing, mining and forestry |w(CaOODSP)9.819518 |
| 792 | |tDomestic and foreign control of forestry, mining, and manufacturing capital expenditures in Canada |efre|w(CaOODSP)9.819516 |